=LDR 00000nam 2200000 4500 =001 INLIS000000000041607 =005 20130612151129 =008 ***********************************ind** =035 ##$$0010-061300000041607 =041 ##$$a ind =082 ##$$a 621.480 1 =090 ##$$a Drs. Mukhlis Akhadi =100 ##$$a Akhadi Mukhlis Drs =245 ##$$a Pengantar Teknologi Nuklir =260 ##$$a 1997 $b Rineka Cipta =300 ##$$a v, 232, ilus, m =850 ##$$a NBPNMAT